La palabra Ekklesía: estudio histórico-teológico

Đã lưu trong:
Chi tiết về thư mục
Tác giả chính: Tena Garriga, Pere (Tác giả)
Định dạng: Sách
Ngôn ngữ:Tiếng Tây Ban Nha
Được phát hành: Barcelona Centre de Pastoral Litúrgica 2014
Phiên bản:1a. ed
Loạt:Biblioteca Litúrgica, 46
Những chủ đề:
Các nhãn: Thêm thẻ
Không có thẻ, Là người đầu tiên thẻ bản ghi này!

MARC

LEADER 00000cam a2200000 a 4500
001 UCE8693
003 CL-VaPUC
008 150827e20140000sp |||||||||||||||||spa|d
020 |a 9788498057461 
082 0 4 |a 270  |b TEN  |2 21 
100 0 |a Tena Garriga, Pere  |e author  |9 581415 
245 1 3 |a La palabra Ekklesía: estudio histórico-teológico 
250 |a 1a. ed 
300 |a 281 p 
942 |c BK 
945 |d 20150827 16:13:00  |a dcastane 
260 |a Barcelona  |b Centre de Pastoral Litúrgica  |c 2014 
650 0 |a Historia de la iglesia   |9 257565 
650 0 |a Cristianismo  |9 257361 
583 |a last modification  |c 20150827 16:13:00  |k Rodrigo Vera 
490 0 |a Biblioteca Litúrgica, 46 
999 |c 360479  |d 360477 
952 |0 0  |1 0  |3 erd  |4 0  |6 270_000000000000000_TEN_2014  |7 0  |8 A  |9 470313  |a BIBTEO  |b BIBTEO  |i 5195306  |o 270 TEN 2014  |p 5195306  |r 2025-01-17  |w 2019-11-23  |y BK  |z Catalogado en:20150827  |k ICR